LEADER 02723nam0 22005293i 450 001 SBL0585093 005 20251003044357.0 020 $aIT$b777544 100 $a19910930d1977 ||||0itac50 ba 101 | $aita$cita 102 $ait 181 1$6z01$ai $bxxxe 182 1$6z01$an 183 1$6z01$anc$2RDAcarrier 200 1 $aTecnologia e decentramento produttivo$el'esperienza italiana dal dopoguerra ad oggi$fa cura di Alfredo Del Monte e Mario Raffa$gintroduzione di Augusto Graziani 210 $aTorino$cRosenberg & Sellier$d1977 215 $a128 p.$d18 cm 225 | $aQuaderni di Fabbrica e Stato$v1 300 $aIn calce al front.: CENDES sezione economia e sindacato. 410 0$1001MIL0085831$12001 $aQuaderni di Fabbrica e Stato$v1 500 11$aTecnologia e decentramento produttivo$3UBO4608280$9107139 606 $aProduzione$xOrganizzazione$xItalia$2FIR$3SBLC056174$9I 676 $a338.06$9Efficienza produttiva$v23 676 $a338.0945$9$v12 676 $a338.60420945$9ORGANIZZAZIONE DELLA PRODUZIONE. LOCALIZZAZIONI. ITALIA$v19 676 $a338.60420945$9ORGANIZZAZIONE DELLA PRODUZIONE. LOCALIZZAZIONE. ITALIA$v20 676 $a338.60945$9ORGANIZZAZIONE DELLA PRODUZIONE IN ITALIA$v20 676 $a658.514$9$v21 686 $aIT/4422.6$cPOLITICA ECONOMICA ITALIA 1968-1989$2R 686 $aIT/4422.7$cAUTONOMIE LOCALI E DECENTRAMENTO ITALIA 1968-1989$2R 686 $aIT/443.9$cTECNOLOGIA E RICERCA SCIENTIFICA ITALIA 1968-1989$2R 686 $aSe.i.14.2.2.3$cStoria dell'economia italiana. 1963-1975. Ricerca e sviluppo$2F 696 $aOrganizzazione 699 $aOrganizzazione$zOrganizzazione 702 1$aRaffa$b, Mario$f <1946- >$3CFIV001736 702 1$aDel Monte$b, Alfredo$3CFIV013840 702 1$aGraziani$b, Augusto$f <1933-2014>$3UFIV005895$4070 790 1$aGraziani$b, A.$3SBNV006745$zGraziani, Augusto <1933-2014> 801 3$aIT$bIT-000000$c19910930 850 $aIT-BN0095 $aIT-NA0079 901 $bNAP BN$cA $nComprende volumi con collocazioni per formato catalogati prima del 1987. La consegna del doc. é effettuata dall'Uff. Distribuzione. 901 $bNAP 01$cPOZZO LIB.$nVi sono collocati fondi di economia, periodici di ingegneria e scienze, periodici di economia e statistica e altri fondi comprendenti documenti di economia pervenuti in dono. 912 $aSBL0585093 950 0$aBiblioteca Centralizzata di Ateneo$c1 v.$d 01POZZO LIB.F. CORTI 534$e 01 0000126585E VMA 1 v.$fB $h20230918$i20230927 977 $a 01$a BN 996 $aTecnologia e decentramento produttivo$9107139 997 $aUNISANNIO